| 000 | 00605nam a22001697a 4500 | ||
|---|---|---|---|
| 020 | _qHard Cover. | ||
| 082 | _a621.3 | ||
| 100 | _aAbdullah Nasir ; Haroon Ammar Alivi ; Maryam feroze | ||
| 245 |
_aSLIDESCAN / _cAbdullah Nasir ; Haroon Ammar Alivi ; Maryam feroze |
||
| 260 |
_aIslamabad : _bSEECS - NUST, _c2019. |
||
| 300 |
_a124 p. : ill. ; _c30cm. |
||
| 650 |
_aElectrical Engineering-Project Report. _930780 |
||
| 700 |
_aDr. Hasan Aqeel Khan. _930874 |
||
| 856 | _uhttp://10.250.8.41:8080/xmlui/handle/123456789/29557 | ||
| 942 |
_2ddc _cPR |
||
| 999 |
_c535929 _d535929 |
||